000 00329 a2200157 4500
001 180381
020 _a
040 _cMagnum
100 _aCapelli, Alba
240 1 0 _aO gorila/colecao na mata
_lpor
245 1 0 _aO gorila/colecao na mata
362 0 _a1899
440 1 _aFTD
697 _aMAGNITO: I/ANIMAIS
942 _cBK
999 _c180381
_d180381